[Event "Berlin-ch Seniors op 32nd"]
[Site "Berlin"]
[Date "2016.01.28"]
[Round "3"]
[White "Hahlbohm, Matthias"]
[Black "Matzkowiak, Roman"]
[Result "1-0"]
[WhiteElo "2077"]
[BlackElo "1782"]
[PlyCount "125"]
[EventDate "2016.01.26"]
[EventType "swiss"]
[EventRounds "9"]
[EventCountry "GER"]
[SourceTitle "EXT 2019"]
[Source "ChessBase"]
[SourceDate "2018.10.10"]
[SourceVersion "1"]
[SourceVersionDate "2018.10.10"]
[SourceQuality "1"]

1. e4 c5 2. c3 Nf6 3. Bd3 Nc6 4. f4 d6 5. Nf3 g6 6. Bc2 Bg7 7. 0-0 0-0 8. d3 Qb6 9. Kh1 Ng4 10. h3 Nh6 11. Nbd2 f5 12. Bb3+ Kh8 13. e5 dxe5 14. fxe5 Qc7 15. d4 b5 16. a4 b4 17. Re1 Bb7 18. Nc4 Rad8 19. Be3 f4 20. Bf2 Nf5 21. Rc1 cxd4 22. cxd4 e6 23. Ncd2 Qd7 24. Ne4 Ncxd4 25. Nxd4 Ne3 26. Bxe3 fxe3 27. Nxe6 Qxd1 28. Bxd1 Bxe4 29. Nxd8 Rxd8 30. Bf3 Bf5 31. Rc4 Bxe5 32. Rxe3 Bxb2 33. Rxb4 Bf6 34. Rb7 h5 35. Bc6 a5 36. Re8+ Rxe8 37. Bxe8 h4 38. Bc6 Bd4 39. Re7 Bc5 40. Re5 Bb4 41. Be4 Bd7 42. Bxg6 Bxa4 43. Re4 Kg7 44. Be8 Bxe8 45. Rxe8 Kf6 46. Re4 Kg5 47. Rg4+ Kh5 48. Kg1 Be1 49. Kf1 Bg3 50. Ke2 Bc7 51. Kd3 Bd6 52. Rd4 Bb4 53. Rd5+ Kg6 54. Ke4 Be1 55. Kf4 a4 56. Rd6+ Kh5 57. Ra6 Bg3+ 58. Kf5 Be1 59. Rxa4 Kh6 60. Kg4 Kg6 61. Ra6+ Kh7 62. Re6 Bf2 63. Re4 1-0

[Event "Berlin-ch Seniors op 32nd"]
[Site "Berlin"]
[Date "2016.01.26"]
[Round "1"]
[White "Rollwitz, Inge"]
[Black "Matzkowiak, Roman"]
[Result "0-1"]
[WhiteElo "1472"]
[BlackElo "1782"]
[PlyCount "84"]
[EventDate "2016.01.26"]
[EventType "swiss"]
[EventRounds "9"]
[EventCountry "GER"]
[SourceTitle "EXT 2019"]
[Source "ChessBase"]
[SourceDate "2018.10.10"]
[SourceVersion "1"]
[SourceVersionDate "2018.10.10"]
[SourceQuality "1"]

1. e4 c5 2. Nf3 d6 3. c3 Nc6 4. Be2 Nf6 5. d3 g6 6. a3 Bg7 7. Nbd2 b5 8. Qc2 0-0 9. 0-0 a5 10. b3 Bb7 11. Bb2 Rc8 12. Rfe1 Qc7 13. c4 b4 14. a4 e5 15. Bf1 Nh5 16. g3 f5 17. Bg2 Rce8 18. h3 Bc8 19. Nh2 Qe7 20. Ndf1 f4 21. g4 Nf6 22. f3 g5 23. Qf2 h5 24. Qd2 Kf7 25. gxh5 Rh8 26. Ng4 Rxh5 27. Nxf6 Qxf6 28. Nh2 Bxh3 29. Ng4 Qe6 30. Bxh3 Rxh3 31. Qg2 Rg3 32. Kf2 Rxg2+ 33. Kxg2 Rh8 34. Rh1 Ne7 35. Rxh8 Bxh8 36. Rh1 Bg7 37. Rh3 d5 38. Kf2 dxe4 39. dxe4 Nc6 40. Ke2 Qd6 41. Rh5 Qd8 42. Nh6+ Kg6 0-1

[Event "Rewal op-B 15th"]
[Site "Rewal"]
[Date "2010.08.27"]
[Round "8"]
[White "Matzkowiak, Roman"]
[Black "Polok, Robert"]
[Result "1-0"]
[WhiteElo "1802"]
[BlackElo "1779"]
[PlyCount "89"]
[EventDate "2010.08.18"]
[EventType "swiss"]
[EventRounds "9"]
[EventCountry "POL"]
[SourceTitle "EXT 2014"]
[Source "ChessBase"]
[SourceDate "2013.11.20"]
[SourceVersion "1"]
[SourceVersionDate "2013.11.20"]
[SourceQuality "1"]

1. c4 Nf6 2. g3 e6 3. Bg2 Be7 4. Nc3 d5 5. d4 dxc4 6. Qa4+ Bd7 7. Qxc4 Bc6 8. e4 Nbd7 9. Nge2 Nb6 10. Qd3 Bb4 11. 0-0 Bxc3 12. bxc3 h6 13. Ba3 Qd7 14. Rfe1 Bb5 15. Qc2 Nc4 16. Bc1 0-0 17. a4 Bc6 18. Nf4 b5 19. axb5 Bxb5 20. Nd3 Rfd8 21. Nc5 Qe7 22. Bf1 e5 23. Qa2 exd4 24. Bxc4 Qxc5 25. Bxf7+ Kh8 26. cxd4 Qxd4 27. Bb2 Qb6 28. Bxf6 Qxf6 29. Bd5 Bc6 30. e5 Bxd5 31. exf6 Bxa2 32. fxg7+ Kxg7 33. Rxa2 Rd7 34. Ra6 Rd6 35. Rea1 Rxa6 36. Rxa6 c5 37. Kf1 c4 38. Ke2 Re8+ 39. Kd2 c3+ 40. Kd3 c2 41. Rxa7+ Kg6 42. Rc7 Rd8+ 43. Ke3 Kf5 44. Rxc2 Kg4 45. Rc4+ 1-0

[Event "Rewal op-B 15th"]
[Site "Rewal"]
[Date "2010.08.24"]
[Round "5"]
[White "Paszewski, Mateusz"]
[Black "Matzkowiak, Roman"]
[Result "0-1"]
[WhiteElo "1834"]
[BlackElo "1802"]
[PlyCount "106"]
[EventDate "2010.08.18"]
[EventType "swiss"]
[EventRounds "9"]
[EventCountry "POL"]
[SourceTitle "EXT 2014"]
[Source "ChessBase"]
[SourceDate "2013.11.20"]
[SourceVersion "1"]
[SourceVersionDate "2013.11.20"]
[SourceQuality "1"]

1. e4 c5 2. Nf3 d6 3. d4 cxd4 4. Nxd4 Nf6 5. Nc3 a6 6. Bg5 e6 7. f4 Be7 8. Qf3 Qc7 9. 0-0-0 h6 10. Bh4 Nc6 11. Qg3 Nxd4 12. Rxd4 Nh5 13. Qg4 Bxh4 14. Qxh4 Nxf4 15. Rc4 Ng6 16. Qg3 Qe7 17. h4 0-0 18. Rd4 Ne5 19. Be2 b5 20. Rhd1 Rd8 21. Qh2 Bb7 22. g4 g6 23. Kb1 Rac8 24. Qf4 Kg7 25. Rxd6 Nc6 26. g5 hxg5 27. hxg5 Rxd6 28. Rxd6 e5 29. Qf6+ Qxf6 30. gxf6+ Kh6 31. Rd7 Nd8 32. Bg4 Rb8 33. Nd5 Kg5 34. Bh3 Bxd5 35. exd5 Kxf6 36. Rd6+ Kg5 37. Rxa6 f5 38. Kc1 Nf7 39. Kd2 Rd8 40. Bg2 e4 41. Ra5 Rxd5+ 42. Ke2 Rc5 43. c3 Nd6 44. a4 Kf4 45. Ra6 Ke5 46. a5 g5 47. Ra7 b4 48. cxb4 Rc2+ 49. Kf1 Rxb2 50. a6 Rxb4 51. Re7+ Kf6 52. a7 Ra4 53. Rd7 Nb5 0-1

[Event "Berlin op 04"]
[Site "Berlin"]
[Date "2006.04.17"]
[Round "3"]
[White "Cobanov, Ante"]
[Black "Matzkowiak, Roman"]
[Result "1-0"]
[WhiteElo "1698"]
[BlackElo "1888"]
[PlyCount "115"]
[EventDate "2006.04.14"]
[EventType "swiss"]
[EventRounds "9"]
[EventCountry "GER"]
[SourceTitle "EXT 2007"]
[Source "ChessBase"]
[SourceDate "2006.11.23"]
[SourceVersion "1"]
[SourceVersionDate "2006.11.23"]
[SourceQuality "1"]

1. c4 e5 2. Nc3 Nf6 3. e3 c6 4. d4 exd4 5. exd4 d5 6. Be3 Bb4 7. a3 Bxc3+ 8. bxc3 0-0 9. Bd3 Re8 10. Ne2 Bg4 11. Qc2 dxc4 12. Bxc4 Nd5 13. Bxd5 Qxd5 14. 0-0 Nd7 15. Ng3 Nb6 16. Rfe1 Nc4 17. h3 Bd7 18. a4 h5 19. h4 Nxe3 20. Rxe3 Rxe3 21. fxe3 Re8 22. e4 Qe6 23. Qe2 Qg6 24. Qf3 Bg4 25. Qf4 Qe6 26. Rf1 a6 27. Qg5 f6 28. Qc5 g6 29. c4 Kg7 30. Re1 f5 31. e5 f4 32. Ne4 f3 33. g3 Kh6 34. Kf2 Rd8 35. Ng5 Qf5 36. Re4 Re8 37. Qd6 Qc8 38. Qf6 Bf5 39. Qf7 Qd7 40. Qxd7 Bxd7 41. Rf4 Bf5 42. Rxf3 Kg7 43. Ke3 a5 44. Rf2 b5 45. cxb5 cxb5 46. axb5 Rb8 47. Rb2 Rb7 48. d5 Bd7 49. Kd4 a4 50. e6 Be8 51. Kc5 a3 52. Ra2 Rxb5+ 53. Kd6 Rb3 54. Kc7 Ba4 55. d6 Re3 56. d7 Bxd7 57. Kxd7 Kf6 58. Rf2+ 1-0